000 00811nam a2200265Ia 4500
003 OSt
005 20221006160217.0
006 a|||||r|||| 00| 0
007 ta
008 221006b |||||||| |||| 00| 0 eng d
020 _a9781780390512
_c1,977.00
024 _a44,621
037 _bGift, Window on Korea
_cTextual
040 _aEASL
_cEASL
_beng
041 _2eng
_aeng
082 _aV495:1973,(zM).N53, Q1
100 _aVillahermosa Gilberto N.
_9672419
245 0 _aHonor and fidelity
_b The 65th infantry in Korea, 1950-1953
260 _aNA
_bBook Express Publishing Korea
_c2011
300 _a348p.
_ccm.
490 _v KEL
650 _aKEL
942 _hV495:1973,(zM).N53, Q1
_cTEXL
_2CC
999 _c1112713
_d1112713